| 000 | 00000nas 2200000za 4500 |
| 001 | 9.841181 |
| 003 | CaOODSP |
| 005 | 20221107152026 |
| 007 | cr ||||||||||| |
| 008 | 170808d20112014oncar p o f0###a0eng|d |
| 040 | |aCaOODSP|beng |
| 043 | |an-cn--- |
| 086 | 1 |aCC261-4E-PDF|zCC261-4/2E-PDF |
| 110 | 2 |aNational Arts Centre (Canada) |
| 245 | 10|aAnnual report on the administration of the Access to Information Act and Privacy Act |h[electronic resource] / |cNational Arts Centre. |
| 246 | 16|aAnnual report on the administration of the Access to Information Act |
| 246 | 16|aAnnual report on the administration of the Privacy Act |
| 246 | 13|aAnnual reports on the administration of the Access to Information Act and Privacy Act |
| 260 | |a[Ottawa] : |bNational Arts Centre. |
| 310 | |aAnnual |
| 362 | 1 |aBegan with 2010/2011; ceased with 2013/2014. |
| 500 | |aIssued also in French under title: Rapport annuel sur l'application de la Loi sur la l'accès à l'information et de la Loi sur la protection des renseignements personnels. |
| 500 | |aCover title. |
| 692 | 07|2gccst|aPrivacy |
| 692 | 07|2gccst|aAccess to information |
| 775 | 08|tRapport annuel sur l'application de la Loi sur l'accès à l'information et de la Loi sur la protection des renseignements personnels |w(CaOODSP)9.841184 |
| 780 | 00|tAnnual report on the administration of the Access to Information Act |w(CaOODSP)9.840733 |
| 780 | 00|tAnnual report on the administration of the Privacy Act |w(CaOODSP)9.840746 |